[Event "World ol U16"]
[Site "Nakhchivan"]
[Date "2022.10.08"]
[Round "7.4"]
[White "Omonov, Asrorjon"]
[Black "Hidalgo Diaz, Daniel"]
[Result "1/2-1/2"]
[WhiteElo "2016"]
[BlackElo "2315"]
[PlyCount "87"]
[EventDate "2022.10.02"]
[EventType "team-swiss"]
[EventRounds "9"]
[EventCountry "AZE"]
[SourceTitle "CBM 210 Extra"]
[Source "ChessBase"]
[SourceDate "2022.11.30"]
[SourceVersion "1"]
[SourceVersionDate "2022.11.30"]
[SourceQuality "1"]
[WhiteTeam "Uzbekistan II"]
[BlackTeam "Cuba"]
[WhiteTeamCountry "UZB"]
[BlackTeamCountry "CUB"]

1. d4 Nf6 2. Nf3 e6 3. Bf4 c5 4. e3 b6 5. Nbd2 Bb7 6. Bd3 Be7 7. h3 0-0 8. 0-0 d6 9. c3 Nc6 10. Bh2 a6 11. a4 Re8 12. Re1 Bf8 13. Bf1 d5 14. Bd3 g6 15. Ne5 Nxe5 16. dxe5 Nd7 17. f4 Bg7 18. Nf3 Qc8 19. h4 f5 20. exf6 Bxf6 21. h5 Nf8 22. hxg6 Nxg6 23. Bxg6 hxg6 24. Ne5 Re7 25. Qg4 Qe8 26. Bg3 Rh7 27. a5 b5 28. Kf2 Bxe5 29. fxe5 d4 30. e4 dxc3 31. bxc3 Rd8 32. Rad1 Rhd7 33. Rd6 Rxd6 34. exd6 e5 35. Rd1 Rxd6 36. Rxd6 Qf8+ 37. Ke3 Qxd6 38. Qg5 c4 39. Qxe5 Qd3+ 40. Kf2 Qxe4 41. Qxe4 Bxe4 42. Bd6 Kf7 43. g3 Ke6 44. Bb4 1/2-1/2

[Event "Moscow Botvinnik Memorial Cup"]
[Site "Moscow"]
[Date "2022.08.20"]
[Round "5.3"]
[White "Nikitenko, Mihail"]
[Black "Omonov, Asrorjon"]
[Result "1-0"]
[WhiteElo "2450"]
[BlackElo "2016"]
[PlyCount "55"]
[EventDate "2022.08.18"]
[EventType "team-tourn"]
[EventRounds "9"]
[EventCountry "RUS"]
[SourceTitle "CBM 209 Extra"]
[Source "ChessBase"]
[SourceDate "2022.09.30"]
[SourceVersion "1"]
[SourceVersionDate "2022.09.30"]
[SourceQuality "1"]
[WhiteTeam "Belarus"]
[BlackTeam "Uzbekistan"]
[WhiteTeamCountry "BLR"]
[BlackTeamCountry "UZB"]

1. e4 c6 2. d4 d5 3. e5 Bf5 4. Nf3 e6 5. Be2 Nd7 6. 0-0 h6 7. a4 g5 8. a5 Bg7 9. Ne1 Ne7 10. f4 gxf4 11. Nd3 c5 12. c3 Qc7 13. Nxf4 0-0-0 14. Bd3 Qc6 15. Na3 a6 16. b4 c4 17. Bxf5 Nxf5 18. b5 axb5 19. Rb1 b4 20. Rxb4 Bf8 21. Nb5 Qa6 22. Rb1 Nb8 23. Qh5 Rh7 24. g4 Ne7 25. Nxe6 Qxe6 26. Rf6 Nec6 27. Rxe6 fxe6 28. Qg6 1-0